01461cam a22003011 450000100060000000300080000600500170001400800410003103500190007203500190009104000370011004100080014708200260015511001140018111100650029524501820036026000440054230000210058649000610060750000320066865100550070070000490075571000420080494200120084699900170085895201380087595201460101346245BD-RjUL20211209054127.0160801s1931 enk 100 0 eng  a(BD-RjUL)46363 a(OCoLC)5389700 aDLCcMnUdMnUdDLCdBD-RjULbeng aeng a342.54223bIND 1931  aPresented by the Secretary of State for India to Parliament by command of His Majesty. January, 1931.91412502 aIndian Round Table Conferenced(1930-1931 :cLondon)914125100aIndian Round Table Conference : b12th November, 1930-19th January, 1931 /cPresented by the Secretary of State for India to Parliament by command of His Majesty. January, 1931. aLondon :bH. M. Stationery Off.,c1931. a512 p. ;c25 cm.0 a[Great Britain. Parliament. Papers by command] Cmd. 3772 aRamsay MacDonald, chairman. 0aIndiaxPolitics and governmenty1919-1947.91254451 aMacDonald, James Ramsay,d1866-1937.91412521 aGreat Britain.bIndia Office.9141253 2ddccBK c46245d46245 00102ddc40708NFICaRUCLbRUCLcStackd1963-03-20eZeitlingerg15.00l0o342.54 IND 1931r2016-08-01 00:00:00tC-2w2021-12-09yBK 00102ddc40708NFICaRUCLbRUCLcStackd1963-10-17ePakistan law houseg15.00l0o342.54 IND 1931r2016-08-02 00:00:00tC-3w2016-08-02yBK